Aprendizaje cooperativo : (Record no. 121472)

MARC details
000 -CABECERA
campo de control de longitud fija 00677nam a2200205 a 4500
005 - FECHA Y HORA DE LA ÚLTIMA TRANSACCIÓN
campo de control 20230624063746.0
008 - ELEMENTOS DE LONGITUD FIJA--INFORMACIÓN GENERAL
campo de control de longitud fija 070213s1999 mx r 000 0 spa d
020 ## - NÚMERO INTERNACIONAL NORMALIZADO PARA LIBROS
Número Internacional Estándar del Libro 9507015663
035 ## - NÚMERO DE CONTROL DEL SISTEMA
Número de control de sistema UPN01000149331
049 ## - COLECCIÓN
Colección CG
050 #4 - SIGNATURA TOPOGRÁFICA DE LA BIBLIOTECA DEL CONGRESO
Número de clasificación LB1032
Número de documento/Ítem S5.2
100 1# - ASIENTO PRINCIPAL--NOMBRE PERSONAL
Nombre de persona Slavin, Robert E.
245 10 - MENCIÓN DE TÍTULO
Título Aprendizaje cooperativo :
Resto del título teoría, investigación y práctica /
Mención de responsabilidad, etc. Robert E. Slavin ; tr. Miguel Wald.
260 ## - PUBLICACIÓN, DISTRIBUCIÓN, ETC.
Lugar de publicación, distribución, etc. Buenos Aires :
Nombre del editor, distribuidor, etc. Aique,
Fecha de publicación, distribución, etc. c1999.
300 ## - DESCRIPCIÓN FÍSICA
Extensión 223 p. :
Otras características físicas tablas, figs.
440 #0 - MENCIÓN DE SERIE/ASIENTO SECUNDARIO--TÍTULO
Título Carrera docente
534 ## - NOTA SOBRE LA VERSIÓN ORIGINAL
Frase introductoria Traducción de:
Mención de título del original Cooperative learning. Theory, research, and practice
650 #4 - ASIENTO SECUNDARIO DE MATERIA - TERMINO TEMATICO
Término de materia o nombre geográfico como elemento de entrada Trabajo en grupos (Educación)
9 (RLIN) 4098
905 ## - TIPO DE MATERIAL
Tipo de material Libro
Holdings
Estado de retiro Estado de pérdida Fuente del sistema de clasificación o colocación Estado dañado No para préstamo Código de colección Localización permanente Ubicación/localización actual Ubicación en estantería Fecha de adquisición Total de préstamos Clasificación Código de barras Fecha visto por última vez Fecha del último préstamo Número de copia Tipo de ítem Koha
    Library of Congress Classification     Colección General Bib. Gregorio Torres Quintero Bib. Gregorio Torres Quintero Planta baja 02/09/2022 70 LB1032 S5.2 245692 12/09/2022 02/09/2022 1 Libro